000 00272nam a22001217a 4500
008 170405b xxu||||| |||| 00| 0 eng d
041 _aALB
080 _a616.34
100 _a9
101 _aSHM
245 _aSEMUNDJA ULCEROZE GASTRO DUODENALE
_cDEDJA, S
942 _2udc
_cBK
999 _c9867
_d9867